Reinforced Concrete Handbook For Building Design Limit State And Working Stress Methods Of Design (Record no. 31411)

MARC details
000 -LEADER
fixed length control field 00464nam a22001697a 4500
003 - CONTROL NUMBER IDENTIFIER
control field OSt
005 - DATE AND TIME OF LATEST TRANSACTION
control field 20220223150115.0
008 - FIXED-LENGTH DATA ELEMENTS--GENERAL INFORMATION
fixed length control field 220223b |||||||| |||| 00| 0 eng d
020 ## - INTERNATIONAL STANDARD BOOK NUMBER
International Standard Book Number 8123913230
040 ## - CATALOGING SOURCE
Transcribing agency HU
082 ## - DEWEY DECIMAL CLASSIFICATION NUMBER
Classification number 693.5
100 ## - MAIN ENTRY--PERSONAL NAME
Personal name Krishnamurthy D.
9 (RLIN) 31353
245 ## - TITLE STATEMENT
Title Reinforced Concrete Handbook For Building Design Limit State And Working Stress Methods Of Design
260 ## - PUBLICATION, DISTRIBUTION, ETC.
Place of publication, distribution, etc. New Delhi
Name of publisher, distributor, etc. New Delhi
300 ## - PHYSICAL DESCRIPTION
Type of unit 658
942 ## - ADDED ENTRY ELEMENTS (KOHA)
Source of classification or shelving scheme Dewey Decimal Classification
Koha item type Books like text book referance book
Suppress in OPAC No
Holdings
Withdrawn status Lost status Source of classification or shelving scheme Damaged status Not for loan Home library Current library Shelving location Date acquired Total Checkouts Full call number Barcode Date last seen Copy number Price effective from Koha item type
    Dewey Decimal Classification     IoT Library IoT Library General Stacks 02/23/2022   693.5/KRI/2006 IOTL0015493 02/23/2022 1 02/23/2022 Books like text book referance book
    Dewey Decimal Classification     IoT Library IoT Library General Stacks 02/23/2022   693.5/KRI/2006 IOTL0015494 02/23/2022 2 02/23/2022 Books like text book referance book
    Dewey Decimal Classification     IoT Library IoT Library General Stacks 02/23/2022   693.5/KRI/2006 IOTL0015495 02/23/2022 3 02/23/2022 Books like text book referance book
    Dewey Decimal Classification     IoT Library IoT Library General Stacks 02/23/2022   693.5/KRI/2006 IOTL0015496 02/23/2022 4 02/23/2022 Books like text book referance book
    Dewey Decimal Classification     IoT Library IoT Library General Stacks 02/23/2022   693.5/KRI/2006 IOTL0015497 02/23/2022 5 02/23/2022 Books like text book referance book
    Dewey Decimal Classification     IoT Library IoT Library General Stacks 02/23/2022   693.5/KRI/2006 IOTL0015498 02/23/2022 6 02/23/2022 Books like text book referance book
    Dewey Decimal Classification     IoT Library IoT Library General Stacks 02/23/2022   693.5/KRI/2006 IOTL0015499 02/23/2022 7 02/23/2022 Books like text book referance book
    Dewey Decimal Classification     IoT Library IoT Library General Stacks 02/23/2022   693.5/KRI/2006 IOTL0015500 02/23/2022 8 02/23/2022 Books like text book referance book
    Dewey Decimal Classification     IoT Library IoT Library General Stacks 02/23/2022   693.5/KRI/2006 IOTL0015501 02/23/2022 9 02/23/2022 Books like text book referance book
    Dewey Decimal Classification     IoT Library IoT Library General Stacks 02/23/2022   693.5/KRI/2006 IOTL0015502 02/23/2022 10 02/23/2022 Books like text book referance book